Meilleurs buteurs en Ligue des Champions - Statistiques

Statistiques générales
  • Ce quiz a été pris 155 fois
  • Le résultat moyen est 12 sur 20
Statistiques - réponses
Buts Joueur % Correct
141 Cristiano Ronaldo
98%
129 Lionel Messi
98%
90 Karim Benzema
94%
55 Kylian Mbappé
92%
105 Robert Lewandowski
88%
43 Neymar
81%
71 Raúl
71%
51 Thierry Henry
70%
49 Erling Haaland
69%
57 Thomas Müller
57%
49 Zlatan Ibrahimović
55%
44 Didier Drogba
47%
51 Mohamed Salah
47%
60 Ruud van Nistelrooy
47%
47 Sergio Agüero
46%
50 Filippo Inzaghi
32%
59 Andriy Chevtchenko
31%
44 Alessandro Del Piero
28%
49 Alfredo Di Stéfano
28%
47 Eusébio
21%
Aucun quiz correspondant
Distribution des résultats
% des personnes avec chaque résultat
Percentile par nombre de réponses
Votre historique - résultats
Vous n’avez pas pris ce quiz